000 00604nam a2200193 i 4500
001 81549
003 ES-MaACL
005 20230906174448.0
007 t|
008 041105s1914 fr ||||1| fre d
100 1 _aHugues, Pierre d'.
_964637
245 1 3 _aLa guerre des fonctionnaires /
_cPierre d'Hugues ; preface de G. Demartial.
260 _a[S.l. :
_bs.n.,
_c1914] (
_eLagny :
_fE. Grevin)
300 _aXI, 303 p. ;
_c19 cm.
650 0 0 _aFuncionarios.
_913009
651 4 _aFrancia-
_xAdministración.
_9168375
700 1 _aDemartial, Georges (
_d1861-1945)
_943627
852 _aES-MaACL
_jD-5147
999 _c81549
_d81549